1897 1867 1528 1174 1120 1141 1302 1741 1890 1578 1606 1630 1481 1712 1931 1836 1655 1599 1101 1043 1487 1102 1176 1613 1403 1371 1811 1598 1329 1354 1620 1087 1892 1458 1459 1214 1688 1736 1161 1930 1539 1574 1300 1643 1481 1889 1186 1376 1662 1070 1336 1067 1602 1887 1151 1328 1116 1040 1073 1045 1680 1655 1910 1944 1866 1692 1299 1224 1562 1665 1928 1403 1894 1460 1127 1521 1440 1674 1206 1922 1631 1273 1372 1832 1609 1647 1488 1581 1495 1348 1547 1430 1044 1336 1720 1322 1871 1281 1093 BCNSPRNW ULIB Ver.6.0+V

เปลี่ยนเป็นภาษาไทย

Change to English
 แสดงรายละเอียดบรรณานุกรม
  กลับหน้าหลัก

Brief Record : Get Marc (ISO 2709) : E-mail record : QR code < ปิดหน้าต่าง
LEADER : 00000nam 2200000uu 4500
001    13399110189
003     ULIB
008    110425s2552||||th 000 0 tha d
020    9786115290000
060 04 WL346^bว678ค 2552
100 0  วิยะดา ศักดิ์ศรี
245 10 คู่มือกายภาพบำบัดผู้ป่วยอัมพาตครึ่งซีก /^cวิยะดา ศักดิ์ศรี, สุรัตน์ ธนานุภาพไพศาล
250    พิมพ์ครั้งที่ 1
260    กรุงเทพฯ :^bอัมรินทร์พริ้นติ้งแอนด์พับลิชชิ่ง,^c2552
300    274 หน้า :^bภาพประกอบ ;^c21 ซม.
650  7 อัมพาตครึ่งซีก^xกายภาพบำบัด
650  7 กายบริหาร
650  7 กายภาพบำบัด
650  7 การดูแลตนเอง
700 0  สุรัตน์ ธนานุภาพไพศาล
945    ^p185^l0^i026046
945    ^p185^l0^i026045
945    ^p185^l0^i026047
995    ทศพร
999 ^a ใช้งานได้ทุกระบบ
รายการนี้ยังไม่มีแท็ก
คุณยังไม่ได้ล็อกอิน คุณสามารถมีกิจกรรมร่วมกับเว็บไซต์ได้ แต่ต้องล็อกอินก่อน ::
  ล็อกอิน

รายการสื่อสารสนเทศ

ลำดับที่ ประเภท เลขเรียก/บาร์โค้ด สถานที่ สถานะ
- ไม่พบข้อมูล -

รายการใกล้เคียง
    ผู้แต่ง [วิยะดา ศักดิ์ศรี]

    หัวเรื่อง [กายบริหาร]
    หัวเรื่อง [กายภาพบำบัด]
    หัวเรื่อง [การดูแลตนเอง]

BibComment


ยังไม่เคยถูกคอมเมนท์

คอมเมนท์ทรัพยากรรายการนี้
  คอมเมนท์: คู่มือกายภาพบำบัด..


 Copyright 2026. Bcnsprnw @Library